000 00766nam a2200217Ii 4500
003 JO-AjNU
008 230605s9999||||xx |||||||||||||| ||und||
017 _a2013/7/2479
040 _aJO-AjNU
_bara
_erda
_cJO-AjNU
041 _aara
050 1 4 _aPJ7538 2014
100 3 _aبقلم الشريف، سميح,
_eauthor
_950275
245 0 0 _aثقافنتا بين العقل الأدنى والعقل الأسمى والإستخلاف
250 _aط1
264 3 1 _aعمان: دار يافا للنشر والتوزيع، 2014
300 _a188ص
336 _atext
_btxt
_2rdacontent
337 _aunmediated
_bn
_2rdamedia
338 _avolume
_bnc
_2rdacarrier
650 4 _aثقافتنا - العقل الادنى - العقل الاسمى -اداب
_950276
999 _aA22136
_c25704
_d25704